000 00426nam a2200157Ia 4500
003 GCL
008 140319s9999 xx 000 0 eng d
040 _aGCL /
_cGCL
082 0 4 _a005.43
_bS O
100 1 _aSTALLING, WILLIAM
245 1 0 _aOPERATING SYSTEMS /
_cSTALLING, WILLIAM
260 _a[S.N] :
_bMACMILLAN PUBLISHING COMPANY ،
_c1992
300 _a682 P
650 0 4 _aOPERATINGS SYSTEMS COMPUTERS
942 _2ddc
_cBK
999 _c21492
_d21492